[Event "World Blitz Championship"]
[Site "St Petersburg RUS"]
[Date "2018.12.29"]
[EventDate "2018.??.??"]
[Round "5.5"]
[Result "0-1"]
[White "Dmitry Andreikin"]
[Black "Alireza Firouzja"]
[WhiteElo "2777"]
[BlackElo "2667"]
[PlyCount "166"]

1. e4 c5 2. Nc3 d6 3. d4 cxd4 4. Qxd4 Nc6 (4... Nf6 5. b3 Nc6
6. Qd2 g6 7. Bb2 Bg7 8. O-O-O O-O 9. Kb1 a6 10. f3 b5 11. h4
h5 {Dubov,D (2703)-Alekseenko,K (2639) Sochi 2018}) 5. Qd2 g6
6. b3 Bh6 7. f4 f5 8. Bb2 Nf6 9. O-O-O $146 (9. Bd3 Qa5
10. exf5 Bxf5 11. Nge2 Bxd3 12. Qxd3 Nb4 13. Qd2 Rc8 14. a3
Nc6 { Nakamura,H (2769)-Grischuk,A (2766) Leuven 2018})
9... fxe4 10. Kb1 Qa5 11. Bc4 Rf8 12. Nge2 Bg4 13. h3 Bxe2
14. Qxe2 Bxf4 15. Nxe4 Be5 16. Nxd6+ $5 ({A remarkable
intermediate move was} 16. Bc3 $1 {and then} Qc7 (16... Bxc3
17. Nxd6+) 17. Bxe5 Nxe4 ({or} 17... Nxe5 18. Bb5+) 18. Bg7
Ng3 19. Qe6 {with crazy complications.}) 16... exd6 17. Rxd6
Nd7 18. Rd5 $2 {Now White will end up an exchange down.} ({The
road to equality was} 18. Re6+ Kd8 19. Bxe5 Ndxe5 20. Rd1+ Kc7
21. Rd5 Qc3 22. Rexe5 Nxe5 23. Rc5+ $1) 18... Qc7 19. Bb5
O-O-O 20. Bxc6 Qxc6 21. Rxe5 Nxe5 22. Bxe5 Rfe8 23. Rf1 Qe6
24. Re1 Qc6 25. Qf2 b6 26. Qf7 Qd7 27. Qf3 Qd5 28. Qc3+ Kb7
29. Qc7+ Ka8 30. Bc3 Rxe1+ 31. Bxe1 Qd7 32. Qc3 Rc8 33. Qf3+
Qc6 34. Qe2 Re8 35. Qd2 Re7 36. Bg3 Rd7 37. Qf4 Kb7 38. Kb2
Ka6 39. a4 Qd5 40. Bf2 Re7 41. Qf8 Qe5+ 42. Kb1 Kb7 43. Bg3
Qe4 44. Qb8+ Ka6 45. Qc8+ Rb7 46. Bf2 Qd5 47. Kb2 Qe5+ 48. Kb1
Qc7 49. Qe6 Rb8 50. Qe2+ Kb7 51. Qf3+ Qc6 52. Qf7+ Ka8 53. Qe7
Rc8 54. Qe2 Qxg2 55. a5 bxa5 56. Qe6 Qc6 57. Qe2 a4 58. b4 a3
59. Bc5 Re8 60. Qf2 Qd5 61. Qf1 a2+ 62. Kb2 Qc6 63. Kxa2 Rb8
64. Qf7 Qa4+ 65. Kb2 Rxb4+ 66. Bxb4 Qxb4+ 67. Kc1 Qe1+ 68. Kb2
Qe5+ 69. c3 Qb5+ 70. Kc1 Qg5+ 71. Kb2 Qb5+ 72. Kc1 Qc6 73. Kc2
Qe4+ 74. Kc1 Qh1+ 75. Kc2 Qg2+ 76. Kc1 Qg5+ 77. Kb2 Qb5+
78. Kc1 Qc6 79. Kc2 h5 80. h4 a5 81. c4 Qe4+ 82. Kb3 Qb7+
83. Qxb7+ Kxb7 0-1

[Event "World Blitz Championship"]
[Site "St Petersburg RUS"]
[Date "2018.12.30"]
[EventDate "2018.12.29"]
[Round "20.8"]
[Result "1/2-1/2"]
[White "Aleksey Dreev"]
[Black "Dmitry Andreikin"]
[WhiteElo "2670"]
[BlackElo "2719"]
[PlyCount "74"]

1. d4 g6 2. Nf3 d6 3. g3 Bg7 4. Bg2 Nf6 5. O-O O-O 6. b3 a5 7. c4 a4 8. b4 e5 9.
Bb2 e4 10. Ne1 Bf5 11. Nc2 Qc8 12. Nc3 Bh3 13. a3 Bxg2 14. Kxg2 h5 15. f3 Re8
16. Qd2 Nbd7 17. Qf4 Nb6 18. Ne3 Qe6 19. d5 Qe7 20. Rae1 Nfd7 21. Ba1 Be5 22.
Qh6 Bg7 23. Qf4 Qe5 24. Nb5 Qxf4 25. gxf4 Bxa1 26. Rxa1 Rac8 27. Rac1 Nf6 28.
Rfd1 exf3+ 29. Kxf3 Re7 30. c5 Rce8 31. Rd3 Nc8 32. h3 h4 33. Rc4 Kg7 34. Rc1
Ne4 35. Nd4 Nd2+ 36. Kf2 Ne4+ 37. Kf3 Nd2+ 1/2-1/2

[Event "European Club Cup"]
[Site "Ulcinj MNE"]
[Date "2019.11.11"]
[EventDate "2019.11.10"]
[Round "2.12"]
[Result "1/2-1/2"]
[White "Dmitry Andreikin"]
[Black "Nijat Abasov"]
[WhiteElo "2733"]
[BlackElo "2655"]
[PlyCount "68"]

1. d4 Nf6 2. c4 e6 3. Nf3 d5 4. e3 a6 5. b3 c5 6. Bb2 cxd4 7. exd4 b6 8. Bd3 Be7
9. O-O Bb7 10. Nbd2 Nbd7 11. Qe2 O-O 12. Ne5 dxc4 13. bxc4 Nxe5 14. dxe5 Nd7 15.
Ne4 Nc5 16. Nf6+ Bxf6 17. Bxh7+ Kxh7 18. Qh5+ Kg8 19. exf6 e5 20. fxg7 Kxg7 21.
Rad1 Qe7 22. Rfe1 f6 23. Re3 Rg8 24. Rg3+ Kf8 25. Qh6+ Kf7 26. Qh7+ Ke6 27. Qh3+
Kf7 28. Qh7+ Ke6 29. Qh3+ Kf7 30. Qh7+ Kf8 31. Qh6+ Kf7 32. Qh7+ Ke6 33. Qh3+
Kf7 34. Qh7+ 1/2-1/2